| 000 | 01043cam a22003257a 4500 | ||
|---|---|---|---|
| 003 | CHAP | ||
| 005 | 20220329135113.0 | ||
| 008 | 971013s1954 r 00010 d | ||
| 010 | _a30981 | ||
| 011 | _a31953 | ||
| 035 | _a36065 | ||
| 040 | _cCHAP | ||
| 082 |
_a585.213 _bL5 |
||
| 100 | 0 | 0 |
_aLittle, Elbert L. _967162 |
| 245 | 0 | _aSlash pine (Pinus elliottii), including south Florida alash pine : nomenclature and description | |
| 260 |
_aWashington : _bForest Service, _c1954 |
||
| 300 |
_a82 p. _b: ilus. |
||
| 490 | 0 |
_aStation paper _v; 36 |
|
| 590 |
_aBATCH-UPD _b10 _c20130110 _lUCH01 _h0336 |
||
| 590 |
_aBATCH-UPD _b10 _c20130110 _lUCH01 _h1852 |
||
| 590 |
_aBATCH-UPD _b10 _c20130410 _lUCH01 _h0009 |
||
| 590 |
_aBATCH-UPD _b10 _c20130914 _lUCH01 _h1727 |
||
| 590 |
_aCONVERSION _b10 _c20130109 _lUCH01 _h1318 |
||
| 650 | 1 | 4 |
_aPinĂ¡ceas. _988210 |
| 700 | 0 |
_aDorman, Keith W. _934015 |
|
| 830 | 0 |
_aStation paper _v; 36 _9109517 |
|
| 901 | _aBK | ||
| 942 | _cLIBRO | ||
| 949 |
_a585.213 L5 _bBC _cLIBRO _d33724000375531 _eLIBRO _h9970 _i36065 _si |
||
| 999 |
_c30981 _d30981 |
||